Italian Language Adjectives, Physical Description - Statistics

General Stats
  • This quiz has been taken 107 times
    49 since last reset
  • The average score is 14 of 22
Answer Stats
Hint Answer % Correct
fat grasso/grassa
100%
round rotondo
100%
tall alto/alta
86%
bright luminoso/luminosa
86%
dark scuro/scura
86%
short (length) corto/corta
71%
hard duro/dura
71%
long lungo/lunga
71%
rough ruvida/ruvido
71%
wet bagnata/bagnato
57%
short (low) basso/bassa
57%
light (color) chiaro/chiara
57%
wide largo/larga
57%
thin magro/magra
57%
heavy pesante
57%
narrow stretto/stretta
57%
dry asciutta/asciutto
43%
light (weight) leggero/leggera
43%
smooth liscia/liscio
43%
soft morbido/morbida
43%
flat piana
43%
thick spessa
43%
No matching quizzes found
Score Distribution
Percent of People with Each Score
Percentile by Number Answered
Your Score History
You have not taken this quiz since the last reset